00610nam a22002057a 450000500170000001000130001702000220003003500130005203700160006504000120008108200170009310000130011024500360012326000380015927000380019730000230023550000490025865000330030765000640034020170124105919.0 aA-896387 a8175330384c00.00 aA-896387 bCen Lib/Ret aDPLbEN a307.772bDAY aDayal,R. aChytrids of India /cby R.Dayal aNew DelhibM D Publicationsc1997 a11 Dariya GanjbNew Delhie110002 axi,316p.c22cm(Hb) aIncludes bibliographical reference and index aLiquid Nitrogen Preservation aतरल नाइट्रोजन संरक्षण